000
00275nam a22001217a 4500
008
181016b xxu||||| |||| 00| 0 eng d
041
_a
eng
080
_a
573
100
_a
11
101
_a
bio
245
_a
Molecular Biology Of The Gene
_c
Watson.j.d
942
_2
udc
_c
BK
999
_c
49881
_d
49881